000 01241nam0a22002411 4500
001 rc\378276
005 20260407143511.0
035 _a(NLR Aleph) 005610013
090 _a6403305
_c6403305
100 _a20030307d1989 |||y0rusy50 ca
101 0 _arus
102 _aRU
105 _ay |||||||||
200 1 _aОРГАНИЗАЦИЯ производительного труда учащихся и осуществление политехнического образования во внеклассной и внешкольной работе по технике
_e(Метод. рекомендации)
_fМ-во нар. образования УзССР, Узб. НИИ пед. наук им. Т.Н. Кары-Ниязова
_g[Авт.-сост. д. п. н., проф. Качнев В.И. и др.]
210 _aТашкент
_cБ. и.
_d1989
215 _a22 с.
_d20
702 1 _aКачнев
_bВ.И.
_gВладимир Илларионович
_4220
712 0 2 _aУзбекский НИИ педагогических наук им. Т. Н. Кары-Ниязова
_cТашкент
_9528991
_3RU\NLR\AUTH\8810015564
801 0 _aRU
_bNLR
_gpsbo
801 1 _aRU
_bELAR
_2rusmarc
852 _aNLR
_j90-4/5784
942 _cBOOK
980 _aNB